| 000 -LEADER |
| fixed length control field |
00711nam a2200193Ia 4500 |
| 001 - CONTROL NUMBER |
| control field |
17631 |
| 003 - CONTROL NUMBER IDENTIFIER |
| control field |
GE_BSU |
| 008 - FIXED-LENGTH DATA ELEMENTS--GENERAL INFORMATION |
| fixed length control field |
181216s||||||||xx |||||||||||||| ||und|| |
| 040 ## - CATALOGING SOURCE |
| Transcribing agency |
GE_BSU |
| 080 ## - UNIVERSAL DECIMAL CLASSIFICATION NUMBER |
| Universal Decimal Classification number |
69.04(035.3) |
| 245 ## - TITLE STATEMENT |
| Title |
Справочник механика по эксплуатации строительных машин. |
| 245 ## - TITLE STATEMENT |
| Statement of responsibility, etc. |
Под ред. канд. тех. наук П.А.Зимина. Ред. изд-во Ю.В. Крюгер. |
| 260 ## - PUBLICATION, DISTRIBUTION, ETC. |
| Place of publication, distribution, etc. |
М. |
| 260 ## - PUBLICATION, DISTRIBUTION, ETC. |
| Name of publisher, distributor, etc. |
Госстройиздат. |
| 260 ## - PUBLICATION, DISTRIBUTION, ETC. |
| Date of publication, distribution, etc. |
1960. |
| 300 ## - PHYSICAL DESCRIPTION |
| Extent |
567 стр. с илл. 22 см. |
| 653 ## - INDEX TERM--UNCONTROLLED |
| Uncontrolled term |
Справочник механика по эксплуатации строительных машин. |
| 942 ## - ADDED ENTRY ELEMENTS (KOHA) |
| Koha item type |
წიგნი |